20 đề tài luyện thi nói trình độ B = 20 topics for B oral examination

Salvato in:
Dettagli Bibliografici
Autore principale: Đặng, Ngọc Dũng Tiến
Natura: Libro
Lingua:Undetermined
Pubblicazione: Thành phố Hồ Chí Minh Trẻ 2004
Soggetti:
Tags: Aggiungi Tag
Nessun Tag, puoi essere il primo ad aggiungerne! !
Thư viện lưu trữ: Trung tâm Học liệu Trường Đại học Cần Thơ
LEADER 00655nam a2200217Ia 4500
001 CTU_60575
008 210402s9999 xx 000 0 und d
020 |b 10000 
082 |a 428.34 
082 |b T305 
100 |a Đặng, Ngọc Dũng Tiến 
245 0 |a 20 đề tài luyện thi nói trình độ B = 
245 0 |b 20 topics for B oral examination 
245 0 |c Đặng Ngọc Dũng Tiến 
260 |a Thành phố Hồ Chí Minh 
260 |b Trẻ 
260 |c 2004 
650 |a English language 
650 |x Spoken english 
904 |i Minh,Hải 
980 |a Trung tâm Học liệu Trường Đại học Cần Thơ